300 Personagens Clássicos de Novelas Brasileiras - Statistics

Estatísticas Gerais
  • Esse quiz foi jogado 345 vezes
  • A pontuação média é 51 de 300
Estatísticas das Respostas
Hint Resposta % Correto
C Carminha (Adriana Esteves) - Avenida Brasil, 2012
82%
R Raquel Accioli (Regina Duarte) - Vale Tudo, 1989
73%
O Odete (Mara Manzan) - O Clone, 2001
69%
H Helena (Christiane Torloni) - Mulheres Apaixonadas, 2003
67%
H Helena (Regina Duarte) - Por Amor, 1997
67%
NT Nazaré Tedesco (Renata Sorrah) - Senhora do Destino, 2004
66%
T Tieta (Betty Faria) - Tieta, 1989
58%
J Jade (Giovanna Antonelli) - O Clone, 2001
56%
MdC Maria do Carmo (Regina Duarte) - Rainha da Sucata, 1990
56%
MdC Maria do Carmo (Susana Vieira) - Senhora do Destino, 2004
56%
R/R Ruth/Raquel (Eva Wilma, Glória Pires) - Mulheres de Areia, 1973, 1993
56%
MdF Maria de Fátima (Glória Pires) - Vale Tudo, 1989
53%
C Cristina (Flávia Alessandra) - Alma Gêmea, 2005
52%
T Tufão (Murilo Benício) - Avenida Brasil, 2012
51%
C Catarina (Adriana Esteves) - O Cravo e a Rosa - 2000
50%
CT Clara Tavares (Bianca Bin) - O Outro Lado do Paraíso - 2017
50%
N Nina (Débora Falabella) - Avenida Brasil, 2012
48%
F Félix (Mateus Solano) - Amor à Vida, 2013
47%
L Luca (Mário Gomes) - Vereda Tropical - 1984
47%
L Laura (Cláudia Abreu) - Celebridade, 2004
44%
R Raí (Marcello Novaes) - Quatro Por Quatro, 1994
44%
T Tonho da Lua (Gianfrancesco Guarnieri, Marcos Frota) - Mulheres de Areia - 1973, 1993
44%
JI José Inocêncio (Antônio Fagundes, Marcos Palmeira) - Renascer, 1993, 2024
43%
S Serena (Priscila Fantin) - Alma Gêmea, 2005
43%
A Alexandre (Ewerton de Castro, Guilherme Fontes) - A Viagem 1975,1994
42%
D Diná (Eva Wilma, Christiane Torloni) - A Viagem, 1975,1994
42%
G Gabriela (Sônia Braga, Juliana Paes) - Gabriela, 1975, 2012
42%
JM Juma Marruá (Cristiana Oliveira, Alanis Guillen) - Pantanal - 1990, 2022
42%
P Porcina da Silva (Regina Duarte) - Roque Santeiro, 1985
42%
R Ritinha (Isis Valverde) - A Força do Querer, 2017
42%
G (P) Griselda, Pereirão (Lília Cabral) - Fina Estampa, 2011
41%
JP Julião Petruchio (Eduardo Moscovis) - - O Cravo e a Rosa - 2000
41%
L Leôncio (Rubens de Falco, Leopoldo Pacheco) - Escrava Isaura - 1976, 2004
41%
I/E Isaura/Elvira (Lucélia Santos, Bianca Rinaldi) - Escrava Isaura, 1976, 2004
40%
L/D/L Lucas, Diogo, Léo (Murilo Benício) - O Clone, 2001
40%
M Maya (Juliana Paes) - Caminho das Índias, 2009
39%
P/T Paula, Taís (Alessandra Negrini) - Paraíso Tropical, 2007
39%
ZA (C) Zé Alfredo, Comendador (Alexandre Nero) - Império, 2014
39%
A/P Apolo/Paco (Reynaldo Gianecchini) - Da Cor do Pecado - 2004
38%
B Bibi (Betty Lago) - Quatro Por Quatro, 1994
38%
B Branca (Susana Vieira) - Por Amor, 1997
38%
F Flora (Patrícia Pillar) - A Favorita, 2009
38%
P Paula (Vera Gimenez, Alessandra Negrini) - Anjo Mau, 1976, 1997
38%
A Aninha (Mariana Ximenes) - Chocolate Com Pimenta - 2003
37%
BM Bruno Mezenga (Antônio Fagundes) - O Rei do Gado, 1996
37%
P Perpétua (Joana Fomm) - Tieta, 1989
36%
SM Sinhozinho Malta (Lima Duarte) - Roque Santeiro, 1985
36%
B Babalu (Letícia Spiller) - Quatro Por Quatro, 1994
35%
V Vlad, Conde Vladimir Polanski (Ney Latorraca) - Vamp, 1992
35%
C Camila (Carolina Dieckmann) - Laços de Família, 2000
34%
D Donatela (Claudia Raia) - A Favorita, 2009
34%
RS Roque Santeiro (José Wilker) - Roque Santeiro, 1985
34%
RR Rosa Rebelde (Glória Menezes) - Rosa Rebelde, 1969
34%
B Bebel (Camila Pitanga) - - Paraíso Tropical, 2007
33%
BF Bia Falcão (Fernanda Montenegro) - Belíssima, 2006
33%
HR Heleninha Roitman (Renata Sorrah) - Vale Tudo, 1989
33%
J Jamanta, Ariovaldo da Silva Falcão (Cacá Carvalho) - Torre de Babel, 1998
33%
N Nilo (José de Abreu) - Avenida Brasil, 2012
33%
F Foguinho (Lázaro Ramos) - Cobras & Lagartos, 2006
32%
OR Odete Roitman (Beatriz Segall) - Vale Tudo, 1989
32%
SM Sinhá Moça, Maria das Graças (Lucélia Santos, Débora Falabella - 1986, 2006
32%
LB Luana Berdinazzi (Patrícia Pillar) - O Rei do Gado, 1996
31%
MA Marcos Assunção (Carlos Zara,Guilherme Fontes) - Mulheres de Areia - 1973, 1993
31%
M Marcos (Dan Stulbach) - Mulheres Apaixonadas, 2003
31%
MCD Maria Clara Diniz (Malu Mader) - Celebridade, 2004
31%
MdP Maria da Paz (Juliana Paes) - A Dona do Pedaço, 2019
31%
T Tancinha (Claudia Raia, Mariana Ximenes) - Sassaricando (Haja Coração) - 1987, 2016
31%
TC Tereza Cristina (Christiane Torloni) - Fina Estampa, 2011
31%
B Bárbara (Alinne Moraes) - Um Lugar ao Sol, 2021
30%
CV(C) Crodoaldo Valério, Crô (Marcelo Serrado) - Fina Estampa, 2011
30%
JL Jacques Leclair (Reginaldo Faria, Alexandre Borges) - Ti Ti Ti, 1985, 2010
30%
LP Lúcia Prado (Natália do Vale) - Torre de Babel, 1998
30%
Z Zazá (Fernanda Montenegro) - Zazá, 1998
30%
A Açucena (Carolina Dieckmann) - Tropicaliente, 1994
29%
SM Sassá Mutema (Lima Duarte) - O Salvador da Pátria, 1989
29%
P Paloma (Paolla Oliveira) - Amor à Vida, 2013
28%
N Natasha (Cláudia Ohana) - Vamp, 1992
27%
P Preta (Taís Araújo) - Da Cor do Pecado, 2004
27%
R Raj (Rodrigo Lombardi) - Caminho das Índias, 2009
27%
DA Doutor Albieri (Juca de Oliveira) - O Clone, 2001
26%
DA Dona Armênia (Aracy Balabanian) - Rainha da Sucata, 1990
25%
D Duda (Malu Mader) - Top Model, 1989
25%
LF Laurinha Figueroa (Glória Menezes) - Rainha da Sucata, 1990
25%
XdS Xica da Silva (Taís Araújo) - Xica da Silva - 1996
25%
JL José Leôncio (Claudio Marzo, Marcos Palmeira) - Pantanal, 1990, 2022
24%
MA Maria Altiva (Eva Wilma) - A Indomada, 1997
24%
G Giuliana (Ana Paula Arósio) - Terra Nostra, 2000
23%
M Márcia (Drica Moraes) - Chocolate Com Pimenta, 2003
23%
N Nice (Susana Vieira, Glória Pires) - Anjo Mau - 1976, 1997
23%
O Olavo (Wagner Moura) - Paraíso Tropical, 2007
23%
Z Zuca (Glauce Rocha, Glória Pires, Vanessa Giácomo) - Cabocla, 1979, 2004
23%
C Carlão (Francisco Cuoco, Eduardo Moscovis) - Pecado Capital - 1975, 1998
22%
J Juca (Tony Ramos) - A Próxima Vítima, 1995
22%
MF Mário Fofoca (Luis Gustavo, Lázaro Ramos) - Elas Por Elas - 1982, 2023
22%
T Toni (Luis Gustavo) - O Mapa da Mina, 1993
22%
BP Bibi Perigosa (Juliana Paes) - A Força do Querer, 2017
21%
JC João Coragem (Tarcísio Meira, Marcos Palmeira) - Irmãos Coragem, 1970, 1995
21%
M Matteo (Thiago Lacerda) - Terra Nostra, 2000
21%
ZdM Zé das Medalhas (Armando Bógus) - Roque Santeiro, 1985
21%
H Helô (Giovanna Antonelli) - Salve Jorge, 2013
20%
J Jeiza (Paolla Oliveira) - A Força do Querer, 2017
20%
TD'A Timóteo D'Alemberti (Paulo Betti) - Tieta, 1989
20%
GB Geremias Berdinazzi (Raul Cortez) - O Rei do Gado, 1996
19%
A Aline (Giulia Gam) - Que Rei Sou Eu/, 1989
18%
L Lucinha (Betty Faria, Carolina Ferraz) - Pecado Capital - 1975, 1998
18%
L Lurdes (Regina Casé) - Amor de Mãe, 2019
18%
PDS/DdM Paulo Della Santa, Denizard de Mattos (Francisco Cuoco) - O Outro, 1987
18%
TG Tião Galinha (Osmar Prado, Irandhir Santos) - Renascer, 1993, 2024
18%
VdR Velho do Rio (Claudio Marzo, Osmar Prado) - Pantanal, 1990, 2022
18%
VV Victor Valentim (Luis Gustavo, Murilo Benício) - Ti Ti Ti, 1985, 2010
18%
CJ Capitão Jonas (Reginado Faria) - Vamp, 1991
17%
C Capitu (Giovanna Antonelli) - Laços de Família, 2000
17%
DJ Dona Jura (Solange Couto) - O Clone, 2001
17%
DR Dona Redonda (Wilza Carla, Vera Holtz) - Saramandaia, 1976, 2013
17%
ES (M) Edilásia Sardinha, Mamuska (Rosi Campos) - Da Cor do Pecado, 2004
17%
GI Giovanni Improtta (José Wilker) - Senhora do Destino, 2004
17%
J Joana (Nívea Maria) - Gente Fina, 1990
17%
K Khadija (Carla Diaz) - O Clone, 2001
17%
V Vivi (Paolla Oliveira) - A Dona do Pedaço, 2019
17%
B Boneca, Ariclenes da Silva (Ernani Moraes) - Torre de Babel, 1998
16%
HC Herculano Quintanilha (Francisco Cuoco, Rodrigo Lombardi) - O Astro, 1977, 2011
16%
JT Jorge Tadeu (Fábio Júnior) - Pedra Sobre Pedra, 1992
16%
B Buba (Maria Luísa Mendonça, Gabriela Medeiros) - Renascer, 1993, 2024
15%
GAP Guilherme Azevedo Paiva (Hugo Carvana) - Gente Fina, 1990
15%
L Leleco (Marcos Caruso) - Avenida Brasil, 2012
15%
RF Raimundo Flamel (Edson Celulari) - Fera Ferida, 1993
15%
N Norminha (Dira Paes) - Caminho das Índias, 2009
14%
BdB Bafo de Bode (Bemvindo Sequeira) - Tieta, 1989
13%
C Clotilde (Maitê Proença) - O Salvador da Pátria, 1989
13%
FB Felipe Barreto (Antônio Fagundes) - O Dono do Mundo, 1991
13%
JJ Jacky Joy (Juliana Paes) - Celebridade, 2004
13%
MB Maria Bruaca (Ângela Leal, Isabel Teixeira) - Pantanal, 1990, 2022
13%
OP Odorico Paraguaçu (Paulo Gracindo) - O Bem Amado, 1973
13%
SL Salviano Lisboa (Lima Duarte, Francisco Cuoco) - Pecado Capital, 1975, 1998
13%
T Tonha (Yoná Magalhães) - Tieta, 1989
13%
VA Virgílio Assunção (Claudio Corrêa e Castro, Raul Cortez) - Mulheres de Areia, 1973, 1993
13%
ZD Zeca Diabo (Lima Duarte) - O Bem Amado, 1973
13%
Z Zezé (Haroldo Botta, Alexandre Raymundo, Caio Romei) - Meu Pé de Laranja Lima - 1970, 80, 98
13%
A Adalberto (Cecil Thiré) - A Próxima Vítima, 1995
12%
A Alcebíades (Tato Gabus Mendes) - Quatro Por Quatro, 1994
12%
AN Atílio Novelli (Antônio Fagundes) - Por Amor, 1997
12%
FF Filomena Ferreto (Aracy Balabanian)
12%
JA Juvenal Antena (Antônio Fagundes) - Duas Caras, 2008
12%
D Dara (Tereza Seiblitz) - Explode Coração, 1995
11%
D Dóris (Regiane Alves) - Mulheres Apaixonadas, 2003
11%
EC Eduardo Coragem, Duda (Claudio Marzo, Marcos Winter) - Irmãos Coragem - 1970, 1995
11%
IT Ilka Tibiriçá (Cássia Kiss) - Fera Ferida, 1993
11%
N Naná (Fernanda Montenegro) - Cambalacho, 1986
11%
N Naná (Zezé Polessa) - Top Model, 1989
11%
P Paola (Maria Fernanda Cândido) - Terra Nostra, 1999
11%
R Rafaela, Alfa I (Marília Pêra) - Brega & Chique, 1987
11%
SFS Stella Fraga Simpson (Tônia Carrero) - Água Viva, 1980
11%
TF Teobaldo Faruk (José Mayer) - A Indomada, 1997
11%
Y Yago (Humberto Martins) - Pedra Sobre Pedra, 1992
11%
Z Zé Trovão (Almir Sater) - A História de Ana Raio e Zé Trovão, 1990
11%
C (C) Charlô, Cumbuca (Fernanda Montenegro, Irene Ravache) - Guerra dos Sexos - 1983, 2012
10%
DM Dona Milu (Miriam Pires) - Tieta, 1989
10%
G Gustinho, Augusto da Silva, Johnny Percebe (Oscar Magrini) - Torre de Babel, 1998
10%
LI Linda Inês (Giulia Gam) - Fera Ferida, 1993
10%
PB Pilar Batista (Renata Sorrah) - Pedra Sobre Pedra, 1992
10%
RR Rubra Rosa (Susana Vieira) - Fera Ferida, 1993
10%
AR Ana Raio (Ingra Liberato) - A História de Ana Raio e Zé Trovão, 1990
9%
B Bóris (Tarcísio Meira) - O Beijo do Vampiro, 2002
9%
C Carlota (Yara Cortes, Ângela Leal) - Dona Xepa - 1977, 2013
9%
CB Coronel Boanerges (Claudio Corrêa e Castro, Tony Ramos) - Cabocla - 1979, 2004
9%
DB Dona Beija (Maitê Proença) - Dona Beija, 1986
9%
I Igor (Ricardo Macchi) - Explode Coração, 1995
9%
L Lola (Nicette Bruno, Irene Ravache, Glória Pires) - Éramos Seis - 1977, 1994, 2019
9%
RV Renato Villar (Tarcísio Meira) - Roda de Fogo, 1986
9%
TS Tião Socó (José Wilker) - O Fim do Mundo, 1996
9%
ZE Zé Esteves (Sebastião Vasconcellos) - Tieta, 1989
9%
BaJ Bebeto a Jato (Guilherme Karam) - Explode Coração, 1995
8%
CJ Coronel Justino (Gilberto Martinho, Mauro Mendonça) - Cabocla - 1979, 2004
8%
D Darlene (Deborah Secco) - Celebridade, 2004
8%
E Esteban (Marcos Pasquim) - Kubanacan, 2003
8%
JC Juca Cipó (Emiliano Queiroz, Murilo Benício) - Irmãos Coragem, 1970, 1995
8%
MF Marconi Ferraço (Ferraço), Adalberto, Juvenaldo (Dalton Vigh) - Duas Caras, 2008
8%
MP Maria Paula (Marjorie Estiano) - Duas Caras, 2008
8%
O Osnar (José Mayer) - Tieta, 1989
8%
R Rakelli (Isis Valverde) - Beleza Pura, 2008
8%
SH Salomão Hayala (Dionísio Azevedo, Daniel Filho) - O Astro, 1977, 2011
8%
S Salomé (Patrícia Pillar) - Salomé - 1991
8%
S Sandrinha (Adriana Esteves) - Torre de Babel, 1998
8%
AC André Cajarana (Tony Ramos) - Pai Herói, 1979
7%
CA Cândido Alegria (Armando Bógus) - Pedra Sobre Pedra, 1992
7%
DB Dirceu Borboleta (Emiliano Queiroz) - O Bem Amado, 1973
7%
DZ Dona Zilda (Nair Bello) - O Mapa da Mina, 1993
7%
J Jocasta (Vera Fischer) - Mandala, 1988
7%
JP Jô Penteado (Eva Wilma, Christiane Torloni) - A Gata Comeu (A Barba-Azul), 1974, 1985
7%
LJ Luís Jerônimo (Fábio Júnior, Daniel de Oliveira) - Cabocla - 1979, 2004
7%
M Magda (Vera Zimmermann) - Meu Bem Meu Mal, 1990
7%
N Nacib (Armando Bógus, Humberto Martins) - Gabriela, 1975, 2012
7%
NC Nonô Correia (Ary Fontoura) - Amor Com Amor Se Paga, 1984
7%
S Santana (Vera Holtz) - Mulheres Apaixonadas, 2003
7%
A Aldonza (Lolita Rodrigues) - Sassaricando, 1987
6%
A Aristóbulo (Ary Fontoura, Gabriel Braga Nunes) - Saramandaia, 1976, 2013
6%
AT Ataliba Timbó (Paulo Gorgulho) - Fera Ferida, 1993
6%
D Damião (Jackson Antunes, Xamã) - Renascer, 1993, 2024
6%
DLV Dom Lázaro Venturini (Lima Duarte) - Meu Bem Meu Mal, 1990
6%
G Gigi (Francisco Cuoco) - O Cafona, 1971
6%
JG João Gibão (Juca de Oliveira, Sérgio Guizé) - Saramandaia, 1976, 2013
6%
ME Maria Escandalosa (Cláudia Raia) - Deus Nos Acuda, 1992
6%
MR Maria Regina (Letícia Spiller) - Suave Veneno, 1999
6%
S Silveirinha (Ary Fontoura) - A Favorita, 2009
6%
TP Tina Pepper (Regina Casé) - Cambalacho, 1986
6%
ZB Zé Bolacha (Lima Duarte) - A Próxima Vítima, 1995
6%
AV Aparício Varella (Paulo Autran, Alexandre Borges) - Sassaricando (Haja Coração) - 1987, 2016
5%
BR Beto Rockfeller (Luis Gustavo) - Beto Rockfeller - 1968
5%
C Celestina (Dercy Gonçalves) - Deus Nos Acuda, 1992
5%
DM Demóstenes Maçaranduba (José Wilker) - Fera Ferida, 1993
5%
D Doralice (Nathalia Dill) - Cordel Encantado, 2011
5%
GK Gaspar Kundera (Nuno Leal Maia) - Top Model, 1989
5%
HV Higino Ventura (Paulo Betti) - Força de Um Desejo, 1999
5%
J-P Jean-Pierre (Edson Celulari) - Que Rei Sou Eu?, 1989
5%
JP Juca Pitanga (Tarcísio Meira) - Coração Alado, 1980
5%
JM Júlia Matos (Sônia Braga) - Dancin' Days, 1978
5%
M Marisol (Deborah Secco) - América, 2005
5%
P Otávio, Bimbo (Paulo Autran, Tony Ramos) - Guerra dos Sexos - 1983, 2012
5%
RPM Rachel Porto Machado (Irene Ravache) - Sol de Verão, 1982
5%
S Silvana (Lília Cabral) - A Força do Querer, 2017
5%
V Vitório (Elias Gleizer) - Despedida de Solteiro, 1993
5%
Z Zebedeu (Bemvindo Sequeira) - Mandacaru - 1997
5%
BS Beato Salu (Nelson Dantas) - Roque Santeiro, 1985
4%
BC Bina Colombo (Cláudia Jimenez) - Torre de Babel, 1998
4%
C Cidinha (Vera Fischer) - Perigosas Peruas, 1992
4%
C Corcoran (Stênio Garcia) - Que Rei Sou Eu?, 1989
4%
G Gegê (Gianfrancesco Guarnieri) - Cambalacho, 1986
4%
G Guma (Marcos Palmeira) - Porto dos Milagres, 2001
4%
JC Jerônimo Coragem (Cláudio Cavalcanti, Ilya São Paulo) - Irmãos Coragem, 1970, 1995
4%
LP Lígia Prado (Betty Faria) - Água Viva, 1980
4%
N Nicinha (Marisa Orth) - Rainha da Sucata, 1990
4%
P Pirilampo (Almir Sater) - O Rei do Gado, 1996
4%
R Ravengar (Antônio Abujamra) - Que Rei Sou Eu?, 1989
4%
R Rosemere, Alfa II (Glória Menezes) - Brega & Chique, 1987
4%
S Saracura (Sérgio Reis) - O Rei do Gado, 1996
4%
SV Sarita Vitti (Floriano Peixoto) - Explode Coração, 1995
4%
ZdC Zé das Couves (Milton Gonçalves) - Araponga, 1991
4%
BL Bidet Lambert (John Herbert) - Que Rei Sou Eu?, 1989
3%
B Boneco (Lima Duarte) - O Rebu, 1974
3%
E Enrico (Vladimir Brichta) - Kubanacan, 2003
3%
F Feitosa (Ailton Graça) - América, 2005
3%
IV Isadora Venturini (Silvia Pfeifer) - Meu Bem Meu Mal, 1990
3%
J Joe (Pedro Paulo Rangel) - O Mapa da Mina, 1993
3%
JC José Clementino (Tony Ramos) - Torre de Babel, 1998
3%
JF Júlia Falcão (Glória Pires) - Belíssima, 2006
3%
P Porfírio (Guilherme Karam) - Meu Bem Meu Mal, 1990
3%
P Potira (Lúcia Alves, Dira Paes) - Irmãos Coragem, 1970, 1995
3%
RV Rainha Valentine (Theresa Rachel) - Que Rei Sou Eu?, 1989
3%
R Ramiro (Herson Capri) - Tropicaliente, 1994
3%
S Salgadinho (Rogério Cardoso) - Explode Coração, 1995
3%
TA Tio Abdul (Sebastião Vasconcelos) - O Clone, 2001
3%
TC Tony Carrado (Nuno Leal Maia) - Mandala, 1988
3%
Y Ypiranga Pitiguary (Paulo Betti) - A Indomada, 1997
3%
B Bartô (Tato Gabus Mendes) - O Beijo do Vampiro, 2002
2%
CS Caio Szimanski (Antônio Fagundes) - Rainha da Sucata, 1990
2%
C Carreirinha (Matheus Nachtergaele) - América, 2005
2%
CN Chica Newman (Fernanda Montenegro) - Brilhante, 1981
2%
CV Cristiano Vilhena (Francisco Cuoco) - Selva de Pedra, 1972
2%
E Emanoel (Selton Mello) - A Indomada, 1997
2%
FG Fernanda Gusmão (Christiane Torloni) - Cara e Coroa, 1995
2%
G Genu (Marília Pêra) - Lua Cheia de Amor, 1990
2%
G Godóia (Bete Mendes, Cristina Mullins, Karla Muga) - Meu Pé de Laranja Lima - 1970, 1980, 1998
2%
G Grampola (Karla Muga) - A Indomada, 1997
2%
I Idalina (Nathália Timberg) - Força de Um Desejo, 1999
2%
IdB Índia do Brasil (Yoná Magalhães) - O Outro, 1986
2%
L Leda (Silvia Pfeifer) - Perigosas Peruas, 1992
2%
LdL Lulu de Luxemburgo (Fernanda Montenegro) - As Filhas da Mãe, 2002
2%
MR Maria Rosa (Nívea Maria) - O Feijão e o Sonho, 1976
2%
M Marisete (Bruna Marquezine) - I Love Paraisópolis, 2015
2%
Q Quequé (Osmar Prado) - Seu Quequé - 1982
2%
S Saldanha, Sal (Evandro Mesquita) - Top Model, 1989
2%
TA Tufik Anazir (Othon Bastos) - Gente Fina, 1990
2%
CF Cirineu Farfan (Mauro Mendonça) - Despedida de Solteiro, 1993
1%
E Elza (Zilda Cardoso) - Meu Bem Meu Mal, 1990
1%
E Eulália (Adriana Esteves) - A Indomada, 1997
1%
J Jeferson (Lui Mendes) - A Próxima Vítima, 1995
1%
JM João Marcos (Felipe Camargo) - Despedida de Solteiro, 1993
1%
JdD Joãozinho de Dagmar (Paulo Betti) - O Fim do Mundo, 1996
1%
JT Juca Tigre (Miguel Falabella) - Agora É Que São Elas, 2003
1%
LS Lucineide Salgado (Regina Dourado) - Explode Coração, 1995
1%
MA Marco Aurélio (Reginaldo Faria) - Vale Tudo, 1989
1%
NG Norma Gusmão (Carolina Ferraz) - Beleza Pura, 2008
1%
P Portuga (Cláudio C. e Castro, D. Azevedo, G. Guarnieri) - Meu Pé de Laranja Lima - 1970, 80, 98
1%
R Ralado (Marcelo Faria) - Quatro Por Quatro, 1994
1%
S Sandrinho (André Gonçalves) - A Próxima Vítima, 1995
1%
SC Sérgio Cabeleira (Osmar Prado) - Pedra Sobre Pedra, 1992
1%
SS Shirley Sexy (Marília Pêra) - O Cafona, 1971
1%
SM Simone Marques, Rosana Reis (Regina Duarte) - Selva de Pedra, 1972
1%
TM Tuca Maia (Taumaturgo Ferreira) - Araponga, 1991
1%
U Uálber (Diogo Vilela) - Suave Veneno, 1999
1%
VB Vanoli Berval (Jorge Dória) - Que Rei Sou Eu?, 1989
1%
AC Aristênio Catanduva (Tarcísio Meira) - Araponga, 1991
0%
BM Bubby Mariano (Jorge Dória) - O Pulo do Gato, 1978
0%
M Montenegro (Marco Nanini) - Brega & Chique, 1987
0%
NF Nelson Fragonard (Reginaldo Faria) - Água Viva, 1980
0%
OM Osvaldo Matoso (Otávio Augusto) - Vamp, 1992
0%
PA Pedro Azulão (Juca de Oliveira) - Fogo Sobre Terra, 1975
0%
PM Perla Menescau (Cláudia Alencar) - Fera Ferida, 1993
0%
T Tatuapú (Cláudio Reinrich) - Uga Uga, 2000
0%
T Tucão (Paulo Gracindo) - Bandeira 2, 1971
0%
Nenhum quiz correspondente encontrado
Distribuição das Pontuações
Porcentagem de Pessoas com Cada Pontuação
Percentil de Números Respondidos
Sua Pontuação Histórica
Você não jogou esse quiz